|
|
|
|
| LEADER |
00752nab a2200193 i 4500 |
| 001 |
acta4942 |
| 005 |
20250730115926.0 |
| 008 |
161015s2004 hu o 000 hun d |
| 040 |
|
|
|a SZTE Egyetemi Kiadványok Repozitórium
|b hun
|
| 041 |
|
|
|a hun
|
| 100 |
1 |
|
|a Sándor Csilla
|
| 245 |
1 |
2 |
|a A TEVÉL - Magyarország Területi Épségének Védelmi Ligája - 2. rész
|h [elektronikus dokumentum] /
|c Sándor Csilla
|
| 260 |
|
|
|a Belvedere Meridionale
|b Szeged
|c 2004
|
| 300 |
|
|
|a 14-24
|
| 490 |
0 |
|
|a Belvedere Meridionale
|v 16 No. 1-2
|
| 650 |
|
4 |
|a Bölcsészettudományok
|
| 650 |
|
4 |
|a Történettudomány és régészet
|
| 695 |
|
|
|a Magyarország története - 1918
|
| 856 |
4 |
0 |
|u http://acta.bibl.u-szeged.hu/4942/1/belvedere_2004_001_002_014-024.pdf
|z Dokumentum-elérés
|